000
00345 a2200169 4500
001
46611
020
_a
9788581840284
040
_c
Anchieta - Aquarius
100
_a
Marshal, Nathalie
240
1
0
_a
*Opostos
_l
por
245
1
0
_a
*Opostos
300
_a
362
0
_a
2013
440
1
_a
GaudÃ
650
4
_a
Literatura infantil
942
_c
BK
999
_c
46611
_d
46611